Obálka Náhled e-knihy:
PDF Epub
Pro půjčování e-knih musíte být přihlášeni.
Jak si půjčit online?

V ohrožení /

Druhý díl série Tajné operace se soustředí na hackerku Brigid Banaghanovou, která se nechala chytit, když se nabourala do vládního počítače, a proto nyní z donucení pracuje u tajné federální jednotky.

Uloženo v:
Série:Tajné operace, část 2
Hlavní autor: Zanetti, Rebecca (Autor)
Další autoři: Krejčová, Dana (Autor)
Médium: E-kniha
Jazyk:Czech
Vydáno: Praha : Dobrovský s.r.o., 2025
Edice:Vendeta
Témata:
Příbuzné jednotky:Z cyklu:: Tajné operace
Tagy:
Žádné tagy
LEADER 02920nam a2200481 i 4500
001 312787
003 CZ PrSKC
005 20260601215728.0
007 ta
008 250815s2025 xr g 000 f cze
015 |a cnb003704546 
020 |a 9788027722822  |q (vázáno) :  |c Kč 399,00 
035 |a (OCoLC)1559932034 
040 |a ABG001  |b cze  |e rda 
041 1 |a cze  |h eng 
072 7 |a 821.111(73)-3  |x Americká próza  |2 Konspekt 
080 |a 821.111(73)-31  |2 MRF 
080 |a (0:82-312.4)  |2 MRF 
100 1 |a Zanetti, Rebecca  |7 xx0281488  |4 aut 
240 1 0 |a Fallen.  |l Česky 
245 1 0 |a V ohrožení /  |c Rebecca Zanetti ; přeložila Dana Krejčová 
264 1 |a Praha :  |b Dobrovský s.r.o.,  |c 2025 
300 |a 362 stran ;  |c 21 cm 
336 |a text  |b txt  |2 rdacontent 
337 |a bez média  |b n  |2 rdamedia 
338 |a svazek  |b nc  |2 rdacarrier 
490 1 |a Vendeta 
500 |a Přeloženo z angličtiny 
520 2 |a Druhý díl série Tajné operace se soustředí na hackerku Brigid Banaghanovou, která se nechala chytit, když se nabourala do vládního počítače, a proto nyní z donucení pracuje u tajné federální jednotky.  |b Kromě Brigid sleduje tento díl i jejího handlera, tajemného a sexy Raidera Tanaka. Oba společně musejí proniknout mezi irskou mafii a zabránit mimo jiné i obchodu s bílým masem. Pomáhá jim zbytek týmu, jak ho známe z předchozí knihy V utajení, včetně německého ovčáka Roscoea, který miluje vysoké podpatky, šminky a Jacka Danielse, a nalezeného kocourka Kota, jakož i investigativní reportérky Dany Mullberryové, přítelkyně dalšího člena jednotky, agenta Wolfea. Situaci komplikuje to, že mezi podezřelé patří i Brigidin otec Sean Banaghan, bývalý člen Coonanovy bandy. Aby očistila jeho jméno, potřebuje Brigid Raiderovu pomoc, jenomže sama musí před týmem a hlavně před Raiderem udržet tajemství, jehož odhalení by pro ni mohlo znamenat konec jejich spolupráce. Nakladatelská anotace. Kráceno. 
655 7 |a americké romány  |7 fd131796  |2 czenas 
655 7 |a detektivní romány  |7 fd132010  |2 czenas 
655 7 |a thrillery (romány)  |7 fd184206  |2 czenas 
655 9 |a American fiction  |2 eczenas 
655 9 |a detective novels  |2 eczenas 
655 9 |a thrillers (novels)  |2 eczenas 
700 1 |a Krejčová, Dana  |7 jn20011018473  |4 trl 
787 0 8 |i Z cyklu:  |t Tajné operace  |g 2 
830 0 |a Vendeta 
900 |a ABA001  |b 20 
044 |a xr 
910 |a RBIT002 
998 |d 421934  |a https://core.palmknihy.cz/api/books/421934/cover?t18is2  |b https://core.palmknihy.cz/api/books/421934/cover/400?t18is2  |c https://core.palmknihy.cz/api/books/421934/cover/50?t18is2  |e 2028-01-24  |g 368  |i 9788027722822  |j https://core.palmknihy.cz/api/books/421934/preview.epub  |k https://core.palmknihy.cz/api/books/421934/preview.pdf  |l   |q 49  |r 1  |s https://www.palmknihy.cz/kniha/421934  |t ebook  |y 2025  |z 0  |v Tajné operace  |w 2 
999 |d 312785